Nerve & Muscle: (Record no. 5285)

MARC details
000 -LEADER
fixed length control field 00534nam a22002057a 4500
003 - CONTROL NUMBER IDENTIFIER
control field OSt
005 - DATE AND TIME OF LATEST TRANSACTION
control field 20180327173005.0
008 - FIXED-LENGTH DATA ELEMENTS--GENERAL INFORMATION
fixed length control field 160927b xxu||||| |||| 00| 0 eng d
020 ## - INTERNATIONAL STANDARD BOOK NUMBER
International Standard Book Number 0521422558
040 ## - CATALOGING SOURCE
Transcribing agency DDC.
082 ## - DEWEY DECIMAL CLASSIFICATION NUMBER
Classification number WL102K522n 1993
100 ## - MAIN ENTRY--PERSONAL NAME
Personal name Keynes,R.D; Aidley,D.J;
9 (RLIN) 11112
245 ## - TITLE STATEMENT
Title Nerve & Muscle:
250 ## - EDITION STATEMENT
Edition statement 2nd ed
260 ## - PUBLICATION, DISTRIBUTION, ETC. (IMPRINT)
Name of publisher, distributor, etc. Cambridge University Press,
Date of publication, distribution, etc. 1993.
300 ## - PHYSICAL DESCRIPTION
Extent viii,181p;
Other physical details ill;
Dimensions 20cm.
504 ## - BIBLIOGRAPHY, ETC. NOTE
Bibliography, etc references and index are included.
650 ## - SUBJECT ADDED ENTRY--TOPICAL TERM
Topical term or geographic name as entry element Muscles.
9 (RLIN) 10904
942 ## - ADDED ENTRY ELEMENTS (KOHA)
Source of classification or shelving scheme Other/Generic Classification Scheme
Koha item type Open Shelf
Holdings
Withdrawn status Lost status Source of classification or shelving scheme Damaged status Not for loan Home library Current library Date acquired Source of acquisition Inventory number Total Checkouts Full call number Barcode Date last seen Koha item type
    Other/Generic Classification Scheme     MUST Main Library MUST Main Library 27/09/2016   02/17594   WL102K522n 1993 2016-4510 27/09/2016 Open Shelf
    Other/Generic Classification Scheme     MUST Main Library MUST Main Library 27/09/2016   99/13260   WL102K522n 1993 2016-4511 27/09/2016 Open Shelf
    Other/Generic Classification Scheme     MUST Main Library MUST Main Library 27/09/2016   02/17596   WL102K522n 1993 2016-4512 27/09/2016 Open Shelf